000 00564nam a2200205Ii 4500
003 JO-AjNU
008 230606s9999||||xx |||||||||||||| ||und||
020 _a0-19-580574-7
040 _aJO-AjNU
_beng
_erda
_cJO-AjNU
041 _aeng
050 1 4 _aPZ1 .H65 1979
100 3 _aHowe, D. H.,
_eauthor
_93663
245 0 4 _athe gifts and other stories
264 3 1 _aNew york :oxforde university, 1979
300 _a103p
336 _atext
_btxt
_2rdacontent
337 _aunmediated
_bn
_2rdamedia
338 _avolume
_bnc
_2rdacarrier
650 4 _astories
_93664
999 _aE1910
_c1910
_d1910